Most Well Known Flags - Statistics

General Stats
  • This quiz has been taken 256 times
  • The average score is 23 of 24
Answer Stats
Hint Answer % Correct
99 United States
100%
97 Canada
99%
93 France
99%
98 United Kingdom
99%
97 Australia
98%
88 Brazil
98%
85 China
98%
81 Germany
98%
92 Italy
98%
90 Japan
98%
84 Greece
97%
87 Ireland
97%
83 Israel
97%
87 South Korea
97%
85 Sweden
97%
82 Finland
96%
91 New Zealand
96%
77 South Africa
96%
81 Switzerland
96%
77 Jamaica
95%
81 Netherlands
95%
82 Norway
95%
87 Russia
95%
77 Spain
95%
No matching quizzes found
Score Distribution
Percent of People with Each Score
Percentile by Number Answered
Your Score History
You have not taken this quiz